00336nam a2200121Ia 4500082002000000245004500020260003600065300000800101504001900109650003200128650003600160700001800196 a324.60954 NAR-; 0aElection studies in India: an evaluation aBombaybAllied Publishersc1978 a181 aIncludes index aElections - History - India aIndia - Politics and government aNarain, Iqbal